Inversiones productivas. Imputación de resultados consecuente de la ley 27264 (Registro nro. 10177)

Detalles MARC
000 -LEADER
fixed length control field 00404 a2200121 4500
001 - CONTROL NUMBER
control field ART_44088
005 - DATE AND TIME OF LATEST TRANSACTION
control field 20260410161606.0
008 - FIXED-LENGTH DATA ELEMENTS--GENERAL INFORMATION
fixed length control field 260409a
100 1# - MAIN ENTRY--PERSONAL NAME
Personal name Simaro, Gustavo
245 10 - TITLE STATEMENT
Title Inversiones productivas. Imputación de resultados consecuente de la ley 27264
700 1# - ADDED ENTRY--PERSONAL NAME
Personal name Torchelli, Valeria
773 0# - HOST ITEM ENTRY
Title Profesional & Empresaria
Related parts - Año XVIII, Nº 217 (oct. 2017)
Record control number REV70

No hay ítems disponibles.